<?xml version="1.0" encoding="UTF-8"?>
<record
    xmlns:xsi="http://www.w3.org/2001/XMLSchema-instance"
    xsi:schemaLocation="http://www.loc.gov/MARC21/slim http://www.loc.gov/standards/marcxml/schema/MARC21slim.xsd"
    xmlns="http://www.loc.gov/MARC21/slim">

  <leader>00586    a2200145   4500</leader>
  <datafield tag="082" ind1=" " ind2=" ">
    <subfield code="a">759.44</subfield>
    <subfield code="b">C67 6h v2</subfield>
  </datafield>
  <datafield tag="100" ind1=" " ind2=" ">
    <subfield code="a">Cogniat, Raymond</subfield>
    <subfield code="9">584</subfield>
  </datafield>
  <datafield tag="245" ind1=" " ind2=" ">
    <subfield code="a">Histoire de la Peinture</subfield>
  </datafield>
  <datafield tag="260" ind1=" " ind2=" ">
    <subfield code="a">Paris</subfield>
    <subfield code="b">Fernand Nathan</subfield>
    <subfield code="c">1955</subfield>
  </datafield>
  <datafield tag="300" ind1=" " ind2=" ">
    <subfield code="a">314 p</subfield>
    <subfield code="b">ill.col</subfield>
    <subfield code="c">33 cm</subfield>
  </datafield>
  <datafield tag="440" ind1=" " ind2=" ">
    <subfield code="a">Histoire de la Peinture</subfield>
    <subfield code="v">Vol. II</subfield>
    <subfield code="9">588</subfield>
  </datafield>
  <datafield tag="505" ind1=" " ind2=" ">
    <subfield code="t">L'artiste et la societe depuis le XIX siecle</subfield>
    <subfield code="t">Histoire de la Peinture</subfield>
    <subfield code="t">Les artistes et leurs euvres</subfield>
    <subfield code="t">Les techniques de la peinture</subfield>
    <subfield code="t">Index des noms de peintres cites dans le tome second</subfield>
  </datafield>
  <datafield tag="650" ind1=" " ind2=" ">
    <subfield code="x">Historia del Arte Universal</subfield>
    <subfield code="9">589</subfield>
  </datafield>
  <datafield tag="700" ind1=" " ind2=" ">
    <subfield code="a">Raymond Cogniat</subfield>
    <subfield code="9">587</subfield>
  </datafield>
  <datafield tag="999" ind1=" " ind2=" ">
    <subfield code="c">116</subfield>
    <subfield code="d">116</subfield>
  </datafield>
  <datafield tag="952" ind1=" " ind2=" ">
    <subfield code="0">0</subfield>
    <subfield code="1">0</subfield>
    <subfield code="2">ddc</subfield>
    <subfield code="4">0</subfield>
    <subfield code="7">0</subfield>
    <subfield code="a">LV</subfield>
    <subfield code="b">LV</subfield>
    <subfield code="c">Pensamiento</subfield>
    <subfield code="d">2014-05-09</subfield>
    <subfield code="l">0</subfield>
    <subfield code="o">759.44 C67 6h v2</subfield>
    <subfield code="p">000099</subfield>
    <subfield code="r">2014-05-09 00:00:00</subfield>
    <subfield code="w">2014-05-09</subfield>
    <subfield code="y">01</subfield>
  </datafield>
</record>
